|
|
|
|
| LEADER |
00733cam a2200205 7i4500 |
| 001 |
0000028126 |
| 005 |
20120222090000.0 |
| 020 |
|
|
|a 9789833604401 (pbk.)
|
| 020 |
|
|
|a 9833604404 (pbk.)
|
| 090 |
0 |
0 |
|a HD6054
|b .M73 2008
|
| 245 |
0 |
0 |
|a Mengapa saya bekerja?
|c penyusun Ir. Endok Sempo Mohd. Tahir.
|
| 260 |
|
|
|a Kuala Lumpur:
|b PTS Millennia Sdn. Bhd.,
|c 2008.
|
| 300 |
|
|
|a x, 206 p.;
|c 22 cm.
|
| 650 |
0 |
0 |
|a Women --
|x Life skills guides
|
| 650 |
0 |
0 |
|a Women in the professions
|
| 650 |
0 |
0 |
|a Women employees
|
| 700 |
0 |
|
|a Endok Sempo Mohd. Tahir
|
| 999 |
|
|
|a 0000010577
|b BOK
|c OPEN SHELF
|e 1st Floor, Shah Alam
|
| 999 |
|
|
|a 0000050418
|b BOK
|c OPEN SHELF
|e 1st Floor, Bestari Jaya
|
| 999 |
|
|
|a 0000050698
|b BOK
|c OPEN SHELF
|e 1st Floor, Bestari Jaya
|